000 00714nam a2200181 i 4500
001 108891
003 ES-MaACL
005 20230906184731.0
007 t|
008 061121s1973 sp |||| | spa d
100 1 _aMonzón de Aragón, Eduardo.
_982778
245 1 0 _aDimensión cordial de la administración de justicia y humanización del derecho
_b: discurso /
_cleído el día 16 de junio de 1972, por... D. Eduardo Monzón de Aragón.
260 _aLa Coruña :
_bAcademia Gallega de Jurisprudencia y Legislación,
_c1973.
300 _a63 p. ;
_c27 cm.
650 0 4 _aAdministración de justicia.
_99620
710 2 _aAcademia Gallega de Jurisprudencia y Legislación.
_91197
852 _aES-MaACL
_jC-51860
999 _c108891
_d108891